00766 2200265 4500001002100000005001700021008004100038035002400079040001200103082000800115084001400123090001800137100001700155245010100172250001100273260005400284300003500338504003100373650001100404700002100415700001600436700001800452850001200470990001800482INLIS00000000002357620161026140016.0  0010-101600000000528 aYOPDYOG a270 a270 Usm S aBTR 270 Usm S aUsman Thalib aSejarah Agama dan Pembangunan Gereja di Negeri Sila dan Hila Maluku Tengahc/ Usman Thalib, dkk. aCet. 1 aAmbonbBalai Pelestarian Nilai Budaya Ambonc2015 av, 182 hlm.b: ilus.c; 21 cm. aBibliografi : hlm. 179-182 aGereja aPattiasina, John aMezak Wakim aJoselin Tupan aYOPDYOG a52940-PD/A.16